000
00293nam a22001337a 4500
008
181022b xxu||||| |||| 00| 0 eng d
020
_a
9780072399653
041
_a
eng
080
_2
10th
_a
573
100
_a
11
101
_a
BIO
245
_a
Inquiry into Life
_c
Mader, S.S
942
_2
udc
_c
BK
999
_c
50490
_d
50490